BIBLIOTECA PODER JUDICIAL
Portal Judicial TDF

Mediación familiar : (Registro nro. 5804)

000 -LEADER
fixed length control field 01089nab a22001937a 4500
003 - CONTROL NUMBER IDENTIFIER
control field OSt
005 - DATE AND TIME OF LATEST TRANSACTION
control field 20260106211234.0
008 - FIXED-LENGTH DATA ELEMENTS--GENERAL INFORMATION
fixed length control field 190514b xxu||||| |||| 00| 0 spa d
040 ## - CATALOGING SOURCE
Transcribing agency PJ
100 ## - MAIN ENTRY--PERSONAL NAME
9 (RLIN) 6713
Personal name Gortari Wirz, Emilia
245 10 - TITLE STATEMENT
Title Mediación familiar :
Remainder of title construir puentes en casos de sustracción internacional de NNA /
Statement of responsibility, etc Emilia Gortari Wirz.
300 ## - PHYSICAL DESCRIPTION
Extent p. 160-174
505 ## - FORMATTED CONTENTS NOTE
Formatted contents note Sumario: I. Introducción.— II. Aspectos relevantes de la sustracción internacional de NNA.— III. Características generales de la mediación familiar.— IV. Beneficios de la mediación en casos de sustracción internacional de NNA.— V. Desafíos de la mediación en casos de sustracción internacional de NNA.— VI. La situación en Argentina: el Proyecto Piloto.— VII. Palabras conclusivas.
505 ## - FORMATTED CONTENTS NOTE
Title Si te interesa el texto, comunicate a koha@justierradelfuego.gov.ar
650 #0 - SUBJECT ADDED ENTRY--TOPICAL TERM
9 (RLIN) 967
Topical term or geographic name as entry element DERECHO DE FAMILIA
650 #0 - SUBJECT ADDED ENTRY--TOPICAL TERM
9 (RLIN) 269
Topical term or geographic name as entry element MEDIACION
773 0# - HOST ITEM ENTRY
Host Biblionumber 2844
Host Itemnumber 3222
Place, publisher, and date of publication Buenos Aires : AbeledoPerrot, 1989-
Title Derecho de familia. N° 116 - Septiembre 2024
International Standard Book Number 18511201
942 ## - ADDED ENTRY ELEMENTS (KOHA)
Source of classification or shelving scheme
Koha item type Analítica Artículo de Revista

No hay ítems disponibles.

12 de Octubre 789 Ushuaia - Tel:  54(02901)441571
Horario de Atención: 8.00 a 17.00 hs. 
bibliotecaush@justierradelfuego.gov.ar
koha@justierradelfuego.gov.ar
Seguinos en nuestras redes @bibliojustdf 

Con tecnología Koha